| 000 | 00581nam a22001937a 4500 | ||
|---|---|---|---|
| 942 | _cBK | ||
| 999 |
_c566 _d566 |
||
| 005 | 20250420134816.0 | ||
| 008 | 200809b ||||| |||| 00| 0 eng d | ||
| 020 | _a9781292039855 | ||
| 040 |
_aKCST _cKCST |
||
| 082 |
_a515.353 _bHa Ap |
||
| 100 |
_aHaberman, Richard _94941 |
||
| 245 |
_aApplied partial differential equations : _bwith Fourier series and boundary value problems / _cRichard Haberman |
||
| 250 | _a5th edition. | ||
| 260 |
_aHarlow : Pearson, _bPearson, _c2014. |
||
| 300 | _ap. | ||
| 650 |
_aPartial differential equations _94942 |
||
| 942 | _2ddc | ||